000 01192nam0a22002891 4500
001 rc\35314
005 20250620154026.0
010 _a5-03-002758-8
_9100000
035 _a(NLR Aleph) 005319152
090 _a6469223
_c6469223
100 _a20021216d1991 |||y0rusy50 ca
101 0 _arus
102 _aRU
105 _aa |||||||||
200 1 _aИзбранное
_eНауч.-фантаст. произведения
_fБен Бова
_gПер. с англ. Б. Клюевой, И. Можейко
_g[Худож. Б.Н. Чупрыгин]
210 _aМ.
_cМир
_d1991
215 _a313, [2] с.
_cил.
_d20
327 1 _aСодерж.: Властелины погоды; Незначительный просчет; Ветры Альтаира
464 0 _12001#$aВластелины погоды
_tВластелины погоды
464 0 _12001#$aНезначительный просчет
_tНезначительный просчет
464 0 _12001#$aВетры Альтаира
_tВетры Альтаира
700 1 _aБова
_bБ.
_f1932-
_gБен
801 0 _aRU
_bNLR
_gpsbo
801 1 _aRU
_bELAR
_2rusmarc
852 _aNLR
_j91-3/14885
942 _cBOOK
980 _aNB